<?xml version="1.0" encoding="UTF-8"?>
<marc:record xmlns:marc="http://www.loc.gov/MARC21/slim">
   <marc:leader>00000nam a2200000 a 4500</marc:leader>
   <marc:datafield ind1="1" ind2=" " tag="100">
      <marc:subfield code="a">Köhlmeier, Michael</marc:subfield>
      <marc:subfield code="4">aut</marc:subfield>
      <marc:subfield code="e">Verfasser/-in</marc:subfield>
   </marc:datafield>
   <marc:datafield ind1=" " ind2=" " tag="653">
      <marc:subfield code="a">Biographische und autobiographische Romane</marc:subfield>
   </marc:datafield>
   <marc:datafield ind1="0" ind2="0" tag="245">
      <marc:subfield code="a">Der Menschensohn</marc:subfield>
   </marc:datafield>
   <marc:datafield ind1="0" ind2="0" tag="245">
      <marc:subfield code="b">Die Geschichte vom Leiden Jesu</marc:subfield>
   </marc:datafield>
   <marc:datafield ind1=" " ind2="1" tag="264">
      <marc:subfield code="b">Piper Verl.</marc:subfield>
      <marc:subfield code="c">2007</marc:subfield>
   </marc:datafield>
   <marc:datafield ind1="1" ind2=" " tag="520">
      <marc:subfield code="a">Die Passion, die Geschichte vom Leiden Jesu und seiner Auferstehung, ist nicht nur das eindrucksvollste Glaubenszeugnis der Urkirche, sondern auch ein Mythos, eine Sage, die Michael Köhlmeier herausforderte, sie auf seine eigene Art frei zu erzählen. Nicht die theologische Deutung oder die historische Beweisführung interessiert ihn, sondern die zeitlose Gegenwart, die in den überlieferten Geschichten liegt. Er lässt den ungläubigen Thomas erzählen, und so werden die Ereignisse von Jesu Einzug in Jerusalem bis zu seiner Kreuzigung und Auferstehung zu Menschengeschichten von Liebe und Verrat, Zweifel und Vertrauen, Not und Erlösung.</marc:subfield>
   </marc:datafield>
   <marc:datafield ind1=" " ind2=" " tag="020">
      <marc:subfield code="a">9783492246866</marc:subfield>
      <marc:subfield code="9">9783492246866</marc:subfield>
   </marc:datafield>
</marc:record>
